| 000 | 00948nas a2200313 4500 | ||
|---|---|---|---|
| 001 | BR2015007284 | ||
| 003 | BR-BrBNA | ||
| 005 | 20231205130010.0 | ||
| 007 | ta | ||
| 008 | 230509b bl.|||p| |||| 00| 00por d | ||
| 040 |
_aBR-BrBNA _bpor _cBiblioteca Nacional de Agricultura |
||
| 041 | _a(Pt) | ||
| 072 | _aP35; F01 | ||
| 100 | 1 | _aPuiatti, M. | |
| 100 | 1 | _aOliveira, N.L.C. de | |
| 100 | 1 | _aCecon, P.R. | |
| 100 | 1 | _aBhering,A. da S. | |
| 245 | 1 | _aConsorciação de taro e crotalária manejada com corte rente ao solo e poda na altura do dossel | |
| 650 | _aCOLOCASIA ESCULENTA | ||
| 650 | _aTARO | ||
| 650 | _aCROTALARIA JUNCEA | ||
| 650 | _aADUBACAO VERDE | ||
| 650 | _aCOBERTURA DO SOLO | ||
| 650 | _aCOBERTURA VEGETAL | ||
| 650 | _aMINAS GERAIS | ||
| 773 | 0 |
_tRevista Ceres (Brazil) _xISSN 0034-737X _g(May-Jun 2015), v. 62(3) p. 275-283 _wBR2015007284 |
|
| 909 |
_a202311 _bLúcia _c55 _dLúcia Elande |
||
| 942 |
_2AGRIS _n0 _cANA |
||
| 999 |
_c247358 _d247358 |
||